Le Chili pour les touristes... - Facile - Statistiques

Statistiques générales
  • Ce quiz a été pris 51 fois
  • Le résultat moyen est 12 sur 20
Statistiques - réponses
Question Indice Réponses Indice facile % Correct
Quelle est la langue officielle ? Espagnol
96%
Achats à faire 4/ Produit du raison Vin NIV
85%
Avez-vous besoin d'un visa ? (oui/non) Non
77%
La conduite se fait à droite ou à gauche ? Droite
75%
Achats à faire 2/ Tissus en Laine NAILE
73%
Le principal aéroport est S Santiago
73%
Dans la capitale quel est le décalage horaire avec Paris ? (+ ou - et chiffre) ex - 10 - 5
71%
Combien d'heures (environ) mettrez-vous pour vous y rendre ? (en chiffres) 14
69%
Achats à faire 5/ Apéritif Pisco COPIS
65%
Le suffixe internet est cl
63%
La vitesse est limitée hors des villes à {120} km/h
58%
Comment se nomme la principale compagnie aérienne locale L LATAM MALTA
58%
Quelle est la monnaie ? Peso chilien P
50%
Quelles sont les principaux lieux touristiques ? V Valparaiso POLARISAVA
48%
Quelles sont les principaux lieux touristiques ? S P {San Pedro} de Atacama PONDERAS
46%
Quelles sont les principaux lieux touristiques ? L Parc national {Lauca} CAULA
44%
Achats à faire 3/ Condiment Merken KERNEM
42%
La religion majoritaire est Catholicisme C
38%
Achats à faire 1/ Pierre Lapis Lazuli PIAULASILLZ
38%
Quels sont les climats locaux ? D, T & P {Désertique}, {Tempéré} & {Polaire}
8%
Aucun quiz correspondant
Distribution des résultats
% des personnes avec chaque résultat
Percentile par nombre de réponses
Votre historique - résultats
Vous n’avez pas pris ce quiz